000 00614nam a2200181 a 4500
001 000019696
005 20200929170115.0
008 100702s1970 pr ah 000 0dspa d
040 _aDO-SdBNP
_bspa
_cBNPHU
082 _a928.695
_bC697C
100 1 _aColl, Edna,
_914852
245 1 0 _aCayetano Coll y Toste :
_bsíntesis de estímulos humanos /
_cEdna Coll.
260 _aPuerto Rico :
_bEditorial Universitaria,
_c1970.
300 _a147 p. :
_bil. ;
_c22 cm.
504 _aIncluye referencias bibliográficas y notas al pie de las páginas.
600 1 0 _aCOLL Y TOSTE, CAYETANO,
_d1850-1930
_95522
049 _aBNGR
999 _c19211
_d19211